00590cam a22002411 4500001001300000003000400013005001700017008004100034010001700075025001600092035002000108040002100128042001200149050001600161100002700177245002200204260001100226300003600237500001800273504002600291650001400317999001700331sa 68014039 DLC20260227112628.0940527s1964 ii ac b 000 0 sino  asa 68014039  aPL480:C-196 a(OCoLC)30507611 aDLCcCUdCUdDLC apremarc00aQ180.A1bD61 aDodampegama, Benedict.10aVidyā vicāra. c[1964] aii, 125 p.bill., port.c19 cm. aIn Sinhalese. aBibliography: p. 125. 0aResearch. c85523d85523